Littérature par lettre - J - Statistiques

Statistiques générales
  • Ce quiz a été pris 164 fois
  • Le résultat moyen est 9 sur 15
Statistiques - réponses
Questions Réponses % Correct
De quelle fille Roméo conquit-il le coeur? Juliette
99%
Quel est le titre de l'article d'Emile Zola, publié dans l'Aurore, en pleine affaire Dreyfus ? J'accuse
98%
Qui est le grand méchant de la saga Batman ? Joker
90%
Quel écrivain et poète symboliste a notamment écrit "Le Deuil des Primevères" ? Francis Jammes
89%
Quel agent secret a été inventé par Ian Fleming ? James Bond
88%
Quel est le véritable nom de Voldemort, personnage d'"Harry Potter" ? Tom Jedusor
68%
Quel conte anglais raconte l'histoire d'un enfant ayant échangé une chèvre contre six graines magiques ? Jack et le haricot magique
67%
Quel est le nom de l'inspecteur de police dans "Les Misérables" ? Javert
60%
Quel roman de Charlotte Brontë raconte l'histoire d'une orpheline recueillie par sa tante mais méprisée par celle-ci et ses cousins ? Jane Eyre
56%
Quel écrivain français a écrit "Un Sac de billes", relatant une famille française juive pendant la Seconde Guerre Mondiale ? Joseph Joffo
48%
Quel auteur français est notamment célèbre pour son personnage "Ubu Roi", donnant le mot ubuesque ? Alfred Jarry
47%
Quel écrivain français est un des plus grands égyptologues du monde contemporain ? Christian Jacq
33%
Quel roman est le premier tome du cycle "L'Eau des collines", de Marcel Pagnol ? Jean de Florette
33%
Quel personnage est naïf et capricieux dans "Le Bourgeois gentilhomme" ? Monsieur Jourdain
32%
Quel poète et romancier français, notamment auteur du "Cornet à dés", est tué lors de la Seconde Guerre Mondiale car juif ? Max Jacob
8%
Aucun quiz correspondant
Distribution des résultats
% des personnes avec chaque résultat
Percentile par nombre de réponses
Votre historique - résultats
Vous n’avez pas pris ce quiz